000 01180nam a2200325 a 4500
001 000114357
003 CHAP
005 20220329144437.0
008 180115s2017 mx sm |||||||spa d
010 _a110818
011 _a111790
040 _cCHAP
090 _aTesis
100 1 _aFranco Sánchez, Mario Alberto
_942983
245 1 0 _aAnálisis de la competitividad de los sistemas de producción de aguacate de Michoacán y Morelos
_h[En línea]
_cpor Mario Alberto Franco Sánchez.
260 _aChapingo, Méx. :
_bEl autor,
_c2017.
500 _aPara ver el contenido del material haga clic en la liga
502 _aTesis (Ph.D. en Problemas Económico Agroindustriales) -- UACH. CIESTAAM
590 _aE11695DGD
_b10
_c20180124
_lUCH01
_h1411
590 _aE6339RRR
_b05
_c20180115
_lUCH01
_h1415
590 _aE6339RRR
_b05
_c20180115
_lUCH01
_h1416
650 1 4 _aAguacate
_xCostos de producción.
_92503
650 1 4 _aAguacate
_xCultivo.
_9129282
650 1 4 _aAguacate
_xExportación.
_92515
650 1 4 _aAguacate
_xMercadeo.
_92534
856 _aFinding aid
_uhttp://10.13.5.2/tesis/sist114357.pdf
_zTeclea aquí
901 _aBK
942 _cLIBRO
942 _n0
999 _c110818
_d110818